Management - Concepts & Practices (Record no. 2459)

MARC details
000 -LEADER
fixed length control field 00411nam a2200157Ia 4500
008 - FIXED-LENGTH DATA ELEMENTS--GENERAL INFORMATION
fixed length control field 221030s9999 xx 000 0 und d
041 ## - LANGUAGE CODE
Language code of text/sound track or separate title
082 ## - DEWEY DECIMAL CLASSIFICATION NUMBER
Classification number 105.23
Item number Sin
100 ## - MAIN ENTRY--AUTHOR NAME
Personal name B. P. Singh
245 #0 - TITLE STATEMENT
Title Management - Concepts & Practices
Statement of responsibility, etc by B. P. Singh, T. N. Chhabra
260 ## - PUBLICATION, DISTRIBUTION, ETC. (IMPRINT)
Name of publisher Dhanpat Rai Pub
Place of publication Delhi
Year of publication 2002
300 ## - PHYSICAL DESCRIPTION
Number of Pages 516
650 ## - SUBJECT ADDED ENTRY--TOPICAL TERM
Topical Term BE Management
700 ## - ADDED ENTRY--PERSONAL NAME
Personal name T. N. Chhabra
942 ## - ADDED ENTRY ELEMENTS (KOHA)
Koha item type Books
Holdings
Accession Number Cost, normal purchase price Full call number Price effective from Koha item type Withdrawn / writtenoff status Materials specified (bound volume or other part) Damaged status Not for loan Permanent Location Current Location Shelving location Date acquired Lost/ Missing status department
BE 5396 120.00 105.23 Sin 10/30/2022 Books   Print     MIET Library, Jammu MIET Library, Jammu BL-Academic Block- A, FL-1, CUP-69, SH-1, R-1 06/11/2002   BE
BE 5391 120.00 105.23 Sin 10/30/2022 Books   Print   Not For Loan MIET Library, Jammu MIET Library, Jammu BL-Second, FL-1, CUP-157, SH-2, R-2 06/11/2002   BE
BE 5393 120.00 105.23 Sin 10/30/2022 Books   Print     MIET Library, Jammu MIET Library, Jammu BL-Academic Block- A, FL-1, CUP-69, SH-1, R-1 06/11/2002   BE
BE 5394 120.00 105.23 Sin 10/30/2022 Books   Print     MIET Library, Jammu MIET Library, Jammu BL-Academic Block- A, FL-1, CUP-69, SH-1, R-1 10/29/2005   BE
BE 5395 120.00 105.23 Sin 10/30/2022 Books   Print     MIET Library, Jammu MIET Library, Jammu BL-Academic Block- A, FL-1, CUP-69, SH-1, R-1 06/11/2002   BE
BE 5392 120.00 105.23 Sin 10/30/2022 Books   Print     MIET Library, Jammu MIET Library, Jammu BL-Academic Block- A, FL-1, CUP-69, SH-1, R-1 06/11/2002   BE